<?xml version="1.0" encoding="UTF-8"?>
<marc:record xmlns:marc="http://www.loc.gov/MARC21/slim">
   <marc:leader>00000nam a2200000 a 4500</marc:leader>
   <marc:datafield ind1="1" ind2=" " tag="100">
      <marc:subfield code="a">El-Bahay, Akram</marc:subfield>
      <marc:subfield code="4">aut</marc:subfield>
      <marc:subfield code="e">Verfasser/-in</marc:subfield>
   </marc:datafield>
   <marc:datafield ind1=" " ind2=" " tag="653">
      <marc:subfield code="a">Fantasy</marc:subfield>
   </marc:datafield>
   <marc:datafield ind1=" " ind2=" " tag="653">
      <marc:subfield code="a">Tiergeschichten</marc:subfield>
   </marc:datafield>
   <marc:datafield ind1="0" ind2="0" tag="245">
      <marc:subfield code="a">Foxfighter - Rivalen des Waldes</marc:subfield>
   </marc:datafield>
   <marc:datafield ind1=" " ind2="1" tag="264">
      <marc:subfield code="a">Köln</marc:subfield>
      <marc:subfield code="b">Bastei Lübbe</marc:subfield>
      <marc:subfield code="c">2026</marc:subfield>
   </marc:datafield>
   <marc:datafield ind1=" " ind2=" " tag="250">
      <marc:subfield code="a">1. Auflage 2026</marc:subfield>
   </marc:datafield>
   <marc:datafield ind1="1" ind2=" " tag="520">
      <marc:subfield code="a">Beschreibung##Band 2 der abenteuerlichen Tier-Fantasy rund um den Silberfuchs Finn##Seit der junge Fuchs Finn ausgewildert wurde, hat er nicht nur ein neues Zuhause bei den Nachtpfoten gefunden, sondern auch gegen einen Schattenwolf gekämpft, ein magisches Siegel entdeckt und etwas Unglaubliches erfahren: Finn ist ein Silberfuchs und besitzt eine besondere Gabe! Damit konnte er den Schattenwolf zwar besiegen, aber die Gefahr ist noch nicht gebannt. Kralle, der Verräter, schart bereits neue Schatten um sich. Er will die dunklen Waldgeister befreien und mit ihnen über den Wald herrschen. Das Einzige, was jetzt noch helfen kann, ist eine Allianz der Fuchsfamilien. Doch können sie ihre Rivalitäten ruhen lassen? Und kann Finn seine besondere Gabe nutzen, um den Wald zu retten?##    Ein spannendes, altersgerechtes Fantasy-Abenteuer mit starken tierischen Identifikationsfiguren##    Wichtige Themen wie Freundschaft, Mut und Selbstfindung##</marc:subfield>
   </marc:datafield>
   <marc:datafield ind1=" " ind2=" " tag="020">
      <marc:subfield code="a">9783833910715</marc:subfield>
      <marc:subfield code="9">9783833910715</marc:subfield>
   </marc:datafield>
   <marc:datafield ind1=" " ind2=" " tag="041">
      <marc:subfield code="a">ger</marc:subfield>
   </marc:datafield>
   <marc:datafield ind1=" " ind2=" " tag="300">
      <marc:subfield code="a">288 Seiten</marc:subfield>
   </marc:datafield>
</marc:record>
